tiktok trending songs 2023 - Statistics

General Stats
  • This quiz has been taken 306 times
  • The average score is 4 of 16
Answer Stats
Hint Answer % Correct
I can take myself dancing flowers
71%
Oh, I love it and I hate it at the same time daylight
39%
A little context if you care to listen escapism
37%
Soft skin,red lips , so kissable i kissed a girl
33%
I just wanna get high with my lover moonlight
29%
I don't wanna know, if you're playing me creepin
25%
I can't lose when I'm with you snooze
25%
She remind me of a West Side story maria maria
21%
But if you're too drunk to drive lovers rock
17%
Oh, the way he makes me feel that love isn't real cupid
16%
I'm findin' ways to articulate the feelin' I'm goin' through die for you
14%
Everywhere I go (every time I pop out) I call and they drop the lo' area codes
11%
I just need a girl who gon' really understand party monster
10%
he say that i'm good enough boy's a liar part 2
8%
Penthouse suites, lookin' down on the opps? players
7%
If you think I'll understand all the shit you put me through if we ever broke up
4%
No matching quizzes found
Score Distribution
Percent of People with Each Score
Percentile by Number Answered
Your Score History
You have not taken this quiz